000 00787nam a2200205Ii 4500
003 JO-AjNU
008 230605s9999||||xx |||||||||||||| ||und||
040 _aJO-AjNU
_bara
_erda
_cJO-AjNU
041 _aara
050 1 4 _aTP935.H87 2005
100 3 _aجمعة، حسين محمد,
_eauthor
_913348
245 0 0 _aموسوعة التنفيذ المعماري والانشائي الحديث(المتوافق مع البيئة)
264 3 1 _a2005
300 _a322ص
_bصور توضيحية
336 _atext
_btxt
_2rdacontent
337 _aunmediated
_bn
_2rdamedia
338 _avolume
_bnc
_2rdacarrier
490 0 _aموسوعة التنفيذ الحديث المعماري والانشائي
650 4 _aالهندسة المعمارية -البناء والتشطيبات
_913349
999 _aA3301
_c6869
_d6869